000 00477 a2200145 4500
001 ART_12926
005 20260410161909.0
008 260409a
245 1 0 _aPropuesta del procedimiento del costeo basado en las actividades.
100 1 _aPérez, Pilarín Baujín
700 1 _aFalcón, Vladimir Vega
700 1 _aArmenteros Díaz, Marta
700 1 _aFrías Jimenéz, Roberto
773 0 _tCostos y gestión
_g- Año 15, Nº 58 (dic. 2005)
_wREV12786
999 _c26677
_d26677